000 00282nam a22001337a 4500
008 180119b xxu||||| |||| 00| 0 eng d
020 _a0920269346
041 _aeng
080 _a611
100 _a7
101 _aANA
245 _aThe Human Body
_cPinchot, R.B
942 _2udc
_cBK
999 _c40603
_d40603